FIFA 19 Clubs By Nation - Statistics

General Stats
  • This quiz has been taken 128 times
  • The average score is 30 of 37
Answer Stats
Clubs Leagues Nation % Correct
93 4 England
100%
40 2 France
99%
40 2 Spain
99%
56 3 Germany
97%
39 2 Italy
95%
18 1 Portugal
92%
26 1 Argentina
91%
3 1 Russia
91%
18 1 Japan
88%
20 1 USA
88%
16 1 Poland
87%
18 1 The Netherlands
87%
16 1 Belgium
86%
16 1 China
86%
10 1 Republic of Ireland
86%
16 1 Sweden
85%
2 1 Ukraine
84%
18 1 Mexico
82%
18 1 Turkey
82%
12 1 Austria
81%
14 1 Denmark
80%
16 1 Norway
80%
10 1 Switzerland
80%
4 1 Greece
79%
12 1 Scotland
79%
9 1 Australia
78%
20 1 Colombia
76%
3 1 Canada
75%
1 1 Finland
75%
16 1 Chile
70%
1 1 Croatia
70%
12 1 South Korea
68%
3 3 Wales
68%
16 1 Saudi Arabia
67%
3 1 Czech Republic
63%
2 1 South Africa
57%
1 1 New Zealand
38%
No matching quizzes found
Score Distribution
Percent of People with Each Score
Percentile by Number Answered
Your Score History
You have not taken this quiz